| 000 | 01005nam a2200253 a 4500 | ||
|---|---|---|---|
| 001 | 000012268 | ||
| 005 | 20240412074231.0 | ||
| 008 | 091110s1992 dr a 000 j spa d | ||
| 040 |
_aDO-SdBNP _bspa _cBNPHU |
||
| 082 |
_aRD863.44 _bF363c |
||
| 100 | 1 |
_aFernández Mejía, Abel, _d1931- _925327 |
|
| 245 | 1 | 0 |
_aCuentos para ser disparados / _cAbel Fernández Mejía ; prólogo Víctor Villegas. |
| 260 |
_aSanto Domingo : _bUniversitaria-UASD, _c1992. |
||
| 300 |
_a91 p. : _bil. ; _c20 cm. |
||
| 490 | 1 |
_aPublicaciones de la Universidad Autónoma de Santo Domingo ; _v671 |
|
| 490 | 1 |
_aLiteratura y sociedad ; _v7 |
|
| 590 | _aInventariado, 2019/VM | ||
| 650 | 0 |
_aCuentos dominicanos _9176 |
|
| 650 | 0 |
_aLiteratura dominicana. _967 |
|
| 700 | 1 | 2 |
_aVillegas, Víctor, _epról. _97744 |
| 710 | 1 |
_aUniversidad Autónoma de Santo Domingo _972951 |
|
| 830 | 0 |
_aPublicaciones de la Universidad Autónoma de Santo Domingo ; _v671 _pLiteratura y sociedad ; _n7 _928916 |
|
| 910 | _aValidado. Control de calidad MFF | ||
| 999 |
_c11926 _d11926 |
||